Statistics for Name the harry potter characters

Click here to take the quiz!

General Stats

  • This quiz has been taken 20 times
  • The average score is 3 of 5

Answer Stats

HiAnswer% Correct
1Harry potter
94%
2Hermione granger
83%
5Albus Dumbledore
78%
3Draco malfoy
39%
4Hagrid
39%

Score Distribution

Percentile by Number Answered

Percent of People with Each Score

Your Score History

You have not taken this quiz